<?xml version="1.0" encoding="UTF-8"?>
<collection xmlns="http://www.loc.gov/MARC21/slim">
 <record>
  <leader>01888aam a22002538a 4500</leader>
  <controlfield tag="001">NCT_26039</controlfield>
  <controlfield tag="008">090916s2009                  ||||||viesd</controlfield>
  <datafield tag="999" ind1=" " ind2=" ">
   <subfield code="c">1246</subfield>
   <subfield code="d">1246</subfield>
  </datafield>
  <datafield tag="020" ind1=" " ind2=" ">
   <subfield code="c">155000</subfield>
  </datafield>
  <datafield tag="082" ind1="0" ind2="4">
   <subfield code="2">23rd ed.</subfield>
   <subfield code="a">720</subfield>
   <subfield code="b">V848</subfield>
  </datafield>
  <datafield tag="100" ind1="0" ind2=" ">
   <subfield code="a">Vitruvius</subfield>
  </datafield>
  <datafield tag="245" ind1="1" ind2="0">
   <subfield code="a">Mười cuốn sách về kiến trúc</subfield>
   <subfield code="c">Vitruvius ; Lê Phục Quốc (dịch)</subfield>
  </datafield>
  <datafield tag="260" ind1=" " ind2=" ">
   <subfield code="a">H.</subfield>
   <subfield code="b">Xây dựng</subfield>
   <subfield code="c">2012</subfield>
  </datafield>
  <datafield tag="300" ind1=" " ind2=" ">
   <subfield code="a">280 tr.</subfield>
   <subfield code="b">Minh họa</subfield>
   <subfield code="c">31 cm</subfield>
  </datafield>
  <datafield tag="490" ind1=" " ind2=" ">
   <subfield code="a">Tủ sách kinh điển về kiến trúc</subfield>
  </datafield>
  <datafield tag="520" ind1="3" ind2=" ">
   <subfield code="a">Mô tả những nguyên tắc kinh điển về sự cân đối, sự hài hoà, tỉ lệ trong kiến trúc, thiết kế ngân hàng, nhà tù, trụ sở viện nguyên lão, nhà tắm, quảng trường, đền thờ, nhà hát. Vị trí, nền móng, âm học kiến trúc, các kiểu thích hợp và tỉ lệ của nhà ở tư nhân, phương pháp hoàn thiện bền vững và đẹp, nhiều vấn đề khác có liên quan đến kiến trúc cổ La Mã và Hi Lạp cổ đại</subfield>
  </datafield>
  <datafield tag="653" ind1=" " ind2=" ">
   <subfield code="a">Kiến trúc</subfield>
  </datafield>
  <datafield tag="700" ind1="1" ind2=" ">
   <subfield code="a">Lê Phục Quốc</subfield>
   <subfield code="e">Dịch</subfield>
  </datafield>
  <datafield tag="942" ind1=" " ind2=" ">
   <subfield code="2">ddc</subfield>
   <subfield code="c">BK</subfield>
  </datafield>
  <datafield tag="952" ind1=" " ind2=" ">
   <subfield code="0">0</subfield>
   <subfield code="1">0</subfield>
   <subfield code="2">ddc</subfield>
   <subfield code="4">0</subfield>
   <subfield code="6">720_000000000000000_V848</subfield>
   <subfield code="7">0</subfield>
   <subfield code="9">9034</subfield>
   <subfield code="a">000001</subfield>
   <subfield code="b">000001</subfield>
   <subfield code="d">2018-05-31</subfield>
   <subfield code="o">720 V848</subfield>
   <subfield code="p">MD.08545</subfield>
   <subfield code="r">2018-05-31</subfield>
   <subfield code="v">155000.00</subfield>
   <subfield code="w">2018-05-31</subfield>
   <subfield code="y">BK</subfield>
  </datafield>
  <datafield tag="952" ind1=" " ind2=" ">
   <subfield code="0">0</subfield>
   <subfield code="1">0</subfield>
   <subfield code="2">ddc</subfield>
   <subfield code="4">0</subfield>
   <subfield code="6">720_000000000000000_V848</subfield>
   <subfield code="7">0</subfield>
   <subfield code="9">9035</subfield>
   <subfield code="a">000001</subfield>
   <subfield code="b">000001</subfield>
   <subfield code="d">2018-05-31</subfield>
   <subfield code="l">1</subfield>
   <subfield code="o">720 V848</subfield>
   <subfield code="p">MD.08546</subfield>
   <subfield code="r">2020-01-13</subfield>
   <subfield code="s">2020-01-04</subfield>
   <subfield code="v">155000.00</subfield>
   <subfield code="w">2018-05-31</subfield>
   <subfield code="y">BK</subfield>
  </datafield>
  <datafield tag="952" ind1=" " ind2=" ">
   <subfield code="0">0</subfield>
   <subfield code="1">0</subfield>
   <subfield code="2">ddc</subfield>
   <subfield code="4">0</subfield>
   <subfield code="6">720_000000000000000_V848</subfield>
   <subfield code="7">0</subfield>
   <subfield code="9">9036</subfield>
   <subfield code="a">000001</subfield>
   <subfield code="b">000001</subfield>
   <subfield code="d">2018-05-31</subfield>
   <subfield code="o">720 V848</subfield>
   <subfield code="p">MD.08547</subfield>
   <subfield code="r">2018-05-31</subfield>
   <subfield code="v">155000.00</subfield>
   <subfield code="w">2018-05-31</subfield>
   <subfield code="y">BK</subfield>
  </datafield>
  <datafield tag="952" ind1=" " ind2=" ">
   <subfield code="0">0</subfield>
   <subfield code="1">0</subfield>
   <subfield code="2">ddc</subfield>
   <subfield code="4">0</subfield>
   <subfield code="6">720_000000000000000_V848</subfield>
   <subfield code="7">0</subfield>
   <subfield code="9">9037</subfield>
   <subfield code="a">000001</subfield>
   <subfield code="b">000001</subfield>
   <subfield code="d">2018-05-31</subfield>
   <subfield code="o">720 V848</subfield>
   <subfield code="p">MD.08544</subfield>
   <subfield code="r">2018-05-31</subfield>
   <subfield code="v">155000.00</subfield>
   <subfield code="w">2018-05-31</subfield>
   <subfield code="y">BK</subfield>
  </datafield>
  <datafield tag="980" ind1=" " ind2=" ">
   <subfield code="a">Thư viện Trường Đại học Nam Cần Thơ</subfield>
  </datafield>
 </record>
</collection>
